000 00557nam a2200229Ia 4500
003 OSt
005 20220918231508.0
006 a|||||r|||| 00| 0
007 ta
008 220917b |||||||| |||| 00| 0 eng d
024 _a298,908
037 _cTextual
040 _aARTS
_cARTS
_beng
041 _2eng
_aeng
082 _aP157:4k, N3
100 _aKhan Farhad
_9154817
245 0 _aShabder chalchitra
260 _c1993
650 _aBENGALI LITERATURE
942 _hP157:4k, N3
_cTEXL
_2CC
999 _c291408
_d291408